Les villes possédant les plus grands bidonvilles - Statistiques

Statistiques générales
  • Ce quiz a été pris 75 fois
  • Le résultat moyen est 5 sur 10
Statistiques - réponses
Bidonville Continent Population % Correct
Dharavi (Mumbai) Asie 1 000 000
90%
Neza-Chalco-Itza (Mexico) Amérique du Nord 1 200 000
71%
Ezbet-el-Haggana (Le Caire) Afrique 1 000 000
64%
Imbaba (Le Caire) Afrique 687 350
64%
Kibera (Nairobi) Afrique 1 500 000
42%
Orangi Town (Karachi) Asie 2 400 000
39%
Pikine (Dakar) Afrique 1 279 829
28%
Cazenga (Luanda) Afrique 1 011 397
26%
Sadr City (Bagdad) Asie 1 150 000
17%
Agua Blanca (Cali) Amérique du Sud 1 000 000
14%
Aucun quiz correspondant
Distribution des résultats
% des personnes avec chaque résultat
Percentile par nombre de réponses
Votre historique - résultats
Vous n’avez pas pris ce quiz